MARC

LEADER 00000nam1a2200000 4500
001 204111
005 20231031190015.0
010 |a 5020001392 
020 |a RU  |b 91-33030 
035 |a (RuTPU)RU\TPU\book\222455 
090 |a 204111 
100 |a 20111118d1991 km y0rusy5003 ca 
101 0 |a rus 
200 1 |a Минимаксные неравенства и уравнения Гамильтона - Якоби  |f А. И. Субботин  |g Академия наук СССР (АН СССР), Уральское отделение (УО), Институт математики и механики ; под ред. Н. Н. Красовского 
210 |a Москва  |c Наука  |d 1991 
215 |a 214,[1] с.  |c ил. 
320 |a Библиогр.: с. 208-213 (146 назв.). 
610 1 |a уравнения Гамильтона-Якоби 
610 1 |a неравенства 
610 1 |a решения 
610 1 |a уравнения 
610 1 |a минимаксные методы 
610 1 |a математический анализ 
675 |a 517.952  |z rus 
686 |a 27.29  |2 rugasnti 
700 1 |a Субботин  |b А. И.  |g Андрей Измайлович  |4 070 
702 1 |a Красовский  |b Н. Н.  |4 340 
712 0 2 |a Академия наук СССР (АН СССР)  |b Уральское отделение (УО)  |b Институт математики и механики  |2 stltpush  |3 (RuTPU)RU\TPU\col\11899 
801 0 |a RU  |b RuMRKP  |c 19950417  |g psbo 
801 1 |a RU  |b 63413507  |c 20111118 
801 2 |a RU  |b 63413507  |c 20151007  |g RCR 
942 |c BK